Polygamy and Islam and the Wives of the Holy Prophet. (Record no. 8700)

MARC details
000 -LEADER
fixed length control field 00590nam a2200229 a 4500
020 ## - INTERNATIONAL STANDARD BOOK NUMBER
ISBN
082 00 - DEWEY DECIMAL CLASSIFICATION NUMBER
Classification number 340.59
Author Cutter QUT
100 ## - MAIN ENTRY--AUTHOR NAME
Author name Qutubuddin, Syed Shah
245 ## - TITLE STATEMENT
Title Polygamy and Islam and the Wives of the Holy Prophet.
260 ## - PUBLICATION, DISTRIBUTION, ETC. (IMPRINT)
Place of publication Hyderabad
Name of publisher Allindiamashaiq Association
Year of publication 0000
300 ## - PHYSICAL DESCRIPTION
Number of Pages 17p
500 ## - GENERAL NOTE
General note includes index and biblioraphy
505 2# - FORMATTED CONTENTS NOTE
Formatted contents note Index
650 ## - SUBJECT ADDED ENTRY--TOPICAL TERM
Topical Term Islamic-Law Polygamy
942 ## - ADDED ENTRY ELEMENTS (KOHA)
Koha item type Books
Holdings
Collection code Home library Current library Date acquired Cost, normal purchase price Full call number Accession Number Koha item type
  Henry Martyn Institute Library Henry Martyn Institute Library 05/30/2007 100.00 340.59 QUT 010349 Books
                   Copyright © 2026 | Henry Martyn Institute | Hyderabad | TS-500052 | INDIA | Implemented by hmi.edu.in
Hit-Count:

Powered by Koha